Price theory and applications

Guardat en:
Dades bibliogràfiques
Autor principal: Hirshleifer, Jack (Autor)
Format: Llibre
Idioma:anglès
Publicat: Englewood Cliffs Prentice-Hall 1980
Edició:2a. ed
Matèries:
Etiquetes: Afegir etiqueta
Sense etiquetes, Sigues el primer a etiquetar aquest registre!

MARC

LEADER 00000nam a2200000 a 4500
001 UCU2647
003 CL-VaPUC
008 960426e19800000us |||||||||||||||||eng|d
082 0 4 |a 338.521  |b HIR  |2 21 
100 |a Hirshleifer, Jack  |e author  |9 409188 
245 1 0 |a Price theory and applications 
250 |a 2a. ed 
300 |a 620 p 
942 |c BK 
945 |d 19960426 00:00:00  |a paguirre 
260 |a Englewood Cliffs  |b Prentice-Hall  |c 1980 
650 0 |a Economía   |9 255568 
650 0 |a Precios   |9 260787 
650 0 |a Oferta y demanda  |9 255571 
650 7 |a DETERMINACION DE PRECIOS  |2 CL-VaPUC  |9 358975 
650 0 |a Mercado  |9 321497 
583 |a last modification  |c 20150423 05:32:51  |k Rodrigo Vera 
999 |c 246888  |d 246886 
952 |0 0  |1 0  |4 0  |6 338_521000000000000_HIR_1980  |7 0  |8 A  |9 262239  |a BIBING  |b BIBING  |d 2019-11-19  |i 1642529  |o 338.521 HIR 1980  |p 1642529  |r 2025-01-20  |w 2019-11-19  |y BK  |k ING